Systém dôchodkového zabezpečenia na Slovensku a v Poľsku po vstupe do Európskej únie bakalárska práca

Saved in:
Bibliographic Details
Main Author: Penteková, Dominika
Corporate Author: Podnikovohospodárska fakulta EU so sídlom v Košiciach. Katedra ekonómie
Other Authors: Kafková, Eva
Format: Book
Language:Slovak
Published: Košice 2010
Tags: Add Tag
No Tags, Be the first to tag this record!

MARC

LEADER 00000nbm a2200000 4500
001 0132890
005 20240827093046.1
041 0 |a slo 
044 |a SK 
245 1 0 |a Systém dôchodkového zabezpečenia na Slovensku a v Poľsku po vstupe do Európskej únie  |b bakalárska práca  |c Dominika Penteková ; školiteľ: Eva Kafková 
264 1 |a Košice  |c 2010 
300 |a 66 s. 
100 1 |a Penteková, Dominika 
700 1 |a Kafková, Eva 
710 2 |a Podnikovohospodárska fakulta EU so sídlom v Košiciach. Katedra ekonómie